000 00507nam a2200181Ia 4500
008 191130s2006##################000#0#eng##
020 _a9780415378512
040 _aACL
_cACL
082 _a332.109411 GAS
100 _aGaskin, Maxwell
245 _aThe Scottish banks : a modern survey
_cMaxwell Gaskin
260 _aNew York ; London
_bRoutledge
_c2006
300 _a224 p. ; 23 cm
650 _aBanking - Scotland
990 _a59dad9efac10000c1e8bc623f195c4f7
991 _a410619
999 _c69041
_d69041